Shared Name with a TV Character III Quiz Stats

 Plays Quiz Updated Oct 1, 2017

Score 0/25 Timer 06:00
0 Plays Today
% Correct
Ben Affleck ---- Ben Chang (Community)
91.2%
Joey Fatone ---- Joey Tribbiani (Friends)
89.8%
Reese Witherspoon ---- Reese (Malcolm in the Middle)
87.8%
Danny DeVito ---- Danny Tanner (Full House)
87.3%
Steve Martin ---- Steve Urkel (Family Matters)
86.4%
Amy Schumer ---- Det. Amy Santiago (Brooklyn Nine-Nine)
86.1%
Kevin James ---- Kevin Arnold (The Wonder Years)
84.5%
Howard Stern ---- Howard Wolowitz (The Big Bang Theory)
83.7%
Richard Gere ---- Richard Castle (Castle)
78.1%
Dwight Howard ---- Dwight Schrute (The Office)
73.2%
Chrissy Teigen ---- Chrissy Snow (Three's Company)
70.9%
Jessica Biel ---- Jessica Jones (Jessica Jones)
68.5%
Gregory Peck ---- Gregory House (House, M.D.)
65.8%
% Correct
Meredith Vieira ---- Meredith Grey (Grey's Anatomy)
65.4%
Peyton Manning ---- Peyton Sawyer (One Tree Hill)
64.5%
Dennis Quaid ---- Dennis Reynolds (It's Always Sunny in Philadelphia)
64.4%
Jason Statham ---- Jason Stackhouse (True Blood)
61%
Larry the Cable Guy ---- Larry Appleton (Perfect Strangers)
60.8%
Kenneth Branagh ---- Kenneth Parcell (30 Rock)
45.1%
Lori Loughlin ---- Lori Grimes (The Walking Dead)
44.9%
Chloƫ Grace Moretz ---- Chloe Sullivan (Smallville)
42.1%
Frank Ocean ---- Frank Underwood (House of Cards)
39.1%
Brittany Snow ---- Brittany Pierce (Glee)
36.9%
Wesley Snipes ---- Wesley Wyndam-Pryce (Buffy the Vampire Slayer)
36.3%
Olivia Newton-John ---- Olivia Dunham (Fringe)
22.9%

You're not logged in!

Compare scores with friends on all Sporcle quizzes.
Join for Free
OR
Log In

You Might Also Like...

Show Comments

Extras

Top Quizzes Today


Score Distribution

Your Account Isn't Verified!

In order to create a playlist on Sporcle, you need to verify the email address you used during registration. Go to your Sporcle Settings to finish the process.

Report this User

Report this user for behavior that violates our Community Guidelines.

Details: